01343nam a2200361 i 450000100060000000300020000600500170000800600190002500700150004400800410005902000280010003500220012804000310015005000250018108000110020608200140021710000390023124500710027026400700034130000410041133600310045233700330048333800430051650000220055958800830058159001620066465000190082665500270084579700180087285600630089094200110095399900170096478871020241217151512.0m o d | cr cnu||||||||231025s2022 sp o 001 0 spa d a9788436278576q(e-book) a(OCoLC)1410392606 aFINmELBbspaerdacFINmELB 4aHA29.5.S7bG216 2022 a519.2204a519.52231 aGarcía Pérez, Alfonso,eautor.10aEstadística aplicada avanzada con R /cAlfonso García Pérez. 1aMadrid :bUniversidad Nacional de Educación a Distancia,c2022. a1 recurso en línea (436 páginas) atextobtxt2rdacontent/spa acomputadorabc2rdamedia/spa arecurso en líneabcr2rdacarrier/spa aIncluye índice. aDescripción basada en metadatos suministrados por el editor y otras fuentes. aRecurso electrónico. Santa Fe, Arg.: elibro, 2023. Disponible vía World Wide Web. El acceso puede estar limitado para las bibliotecas afiliadas a elibro. 4aEstadística. 4aLibros electrónicos.2 aelibro, Corp.40uhttps://elibro.net/ereader/politecnicointernacional/234562 cLIBROS c78871d78871